| 000 | 00686nam a22002292 4500 | ||
|---|---|---|---|
| 001 | 0000005363 | ||
| 005 | 20151217152003.0 | ||
| 008 | 070612s xx 000 0 eng d | ||
| 020 |
_a0851424643 : _cGBP 18.99 |
||
| 040 |
_aKABU _cKABU |
||
| 050 | 0 |
_aZ683 _b.M33 2003 |
|
| 100 | 1 |
_aMcKay, Duncan. _@0000156639 |
|
| 245 | 1 | 0 | _aEffective financial planning for library and information services. |
| 250 | _a2nd ed. | ||
| 260 |
_aLondon : _bEuropa Publ., _c2003. |
||
| 300 | _axi, 114 p. | ||
| 650 | 0 |
_aLibrary finance. _@0000156640 |
|
| 650 | 0 |
_aInformation services _xFinance. _@0000156641 |
|
| 908 | _a070612 | ||
| 950 | _@1 | ||
| 999 |
_c7030 _d7030 |
||